00413nam a2200157Ia 4500003000400000008004100004040001600045082001600061100002000077245005700097260004800154300001000202650001800212650001200230650001300242GCL140319s9999 xx 000 0 eng d aGCL / cGCL04a823.01bP O1 aPRITCHETT, V.S.10aTHE OXFORD BOOK OF SHORT STORIES / cPRITCHETT, V.S. a[S.N] : bOXFORD UNIVERSITY PRESS ، c1988 a600 P04aSHORT STORIES04aENGLISH04aAMERICAN